000 01617nam a22002537a 4500
001 121292
008 221229s2022 xxk|||||o|||| 00| 0 eng d
041 _aeng
110 _aRoyal Institution of Chartered Surveyors
245 _aRules for the registration of firms
_h[Electronic resource]
250 _aVersion 8 with effect from 2 February 2022
260 _aLondon,
_bRoyal Institution of Chartered Surveyors,
_c2022
300 _a11p.
490 _aRICS Regulation
500 _aThese Rules are made by the Standards and Regulation Board in accordance with Bye-Law 2.5.1 under powers provided by Regulation 7.2.4.
500 _aWith effect from 2 February 2022. These supersede version 7 effective from 1 April 2020. version 6 was effective from 2 March 2020. There was some confusion as for a while the document dated 2 February 2022 was given version 7 when it is infact version 8 so some copies of the mis-named version may be in circulation.
520 _aThese rules set out: which Firms are required to register with RICS for regulation; circumstances in which a Firm is eligible to apply for regulation, even though it is not required to do so; the procedure for registration, deregistration and appeal and; together with the Rules of Conduct, the obligations of registration
650 _aREGULATION
650 _aRULES OF CONDUCT
651 _aUnited Kingdom
710 _aRoyal Institution of Chartered Surveyors
856 _uhttps://www.rics.org/content/dam/ricsglobal/documents/regulation/rules_for_the_registration_of_firms_version_7.pdf
_zAvailable free on RICS.org
942 _n0
999 _c121292
_d121292